Oto Matka Twoja / (Rekord nr 286385)

Szczegóły MARC
000 -LEADER
fixed length control field 00883nam a2200277 i 4500
003 - CONTROL NUMBER IDENTIFIER
control field BSDPRZ
008 - FIXED-LENGTH DATA ELEMENTS--GENERAL INFORMATION
fixed length control field 070302s2006 pl |000 0 pol
015 ## - NATIONAL BIBLIOGRAPHY NUMBER
National bibliography number PB 2007/8439
020 ## - INTERNATIONAL STANDARD BOOK NUMBER
International Standard Book Number 8389238780
International Standard Book Number 9788389238788
040 ## - CATALOGING SOURCE
Original cataloging agency WA N
Transcribing agency BSDPRZ BS
041 ## - LANGUAGE CODE
Language code of text/sound track or separate title pol
080 ## - UNIVERSAL DECIMAL CLASSIFICATION NUMBER
Universal Decimal Classification number 272-312.47(042)
Koha Dewey Subclass [OBSOLETE] 1jm
Koha Dewey Subclass [OBSOLETE] PBjkw
100 1# - MAIN ENTRY--PERSONAL NAME
Personal name Blachnicki, Franciszek
Dates associated with a name (1921-1987).
245 10 - TITLE STATEMENT
Title Oto Matka Twoja /
Statement of responsibility, etc Franciszek Blachnicki ; [oprac. tekstów Irena Chłopkowska].
260 ## - PUBLICATION, DISTRIBUTION, ETC. (IMPRINT)
Place of publication, distribution, etc Kraków :
Name of publisher, distributor, etc Wydawnictwo Światło-Życie,
Date of publication, distribution, etc 2006.
300 ## - PHYSICAL DESCRIPTION
Extent 36, [1] s. ;
Dimensions 21 cm.
490 1# - SERIES STATEMENT
Series statement Szkoła Modlitwy.
655 #4 - INDEX TERM--GENRE/FORM
Genre/form data or focus term Kazania maryjne
General subdivision katolicyzm
Chronological subdivision 20 w.
700 1# - ADDED ENTRY--PERSONAL NAME
Personal name Chłopkowska, Irena
Dates associated with a name (1961- ).
Relator term Oprac.
710 2# - ADDED ENTRY--CORPORATE NAME
Corporate name or jurisdiction name as entry element Wydawnictwo Światło-Życie Instytut im. ks. Franciszka Blachnickiego.
Relator code pbl.
830 #0 - SERIES ADDED ENTRY--UNIFORM TITLE
Uniform title Szkoła Modlitwy.
942 ## - ADDED ENTRY ELEMENTS (KOHA)
Source of classification or shelving scheme Dewey Decimal Classification
Item type Książka
Egzemplarze
Ostatnio widziany Numer inwentarzowy Razem wypożyczeń Full call number Kod kreskowy Price effective from Koha item type Lost status Source of classification or shelving scheme Damaged status Not for loan Wycofany Home library Current library Shelving location Date acquired
02/10/2014 96 368   96 368 96 368 02/10/2014 Książka   Dewey Decimal Classification       Biblioteka Wyższego Seminarium Duchownego w Przemyślu Biblioteka Wyższego Seminarium Duchownego w Przemyślu Magazyn Główny 02/10/2014